00734nam a2200217Ii 45000010005000000030009000050080041000140400033000550410008000880820014000961000017001102450014001272640075001413000012002163360026002283370028002543380027002829400050003099990017003599520140003765353CO-ViMGA241108s9999||||xx |||||||||||||| ||und|| aCO-ViMGAbspaerdacCO-ViMGA0 aunk04a813-B118i1 aRichard Bach10aIlusiones 1a[Lugar de publicación no identificado] : Círculo de Lectores, 1977 avolumen atextbtxt2rdacontent aunmediatedbn2rdamedia avolumebnc2rdacarrier aidficha_siabuc: 5210. -- ficha_no_siabuc:5353 c54961d54961 001040708001aMEVIGERRbMEVIGERRcGENd2006-11-27hVol.1o813-B118ipECA4465r2024-11-26 10:41:52tEj.1w2024-11-26yBKz5210 | 7427